Empowering women : (Record no. 164597)

MARC details
000 -LEADER
fixed length control field 00712nam a2200217 4500
005 - DATE AND TIME OF LATEST TRANSACTION
control field 20190523123056.0
010 ## - LCCN (DPL NO)
LC control number ENG-125278
020 ## - INTERNATIONAL STANDARD BOOK NUMBER
Terms of availability 675.00
International Standard Book Number 9789380397498
035 ## - SYSTEM CONTROL NUMBER
System control number EN-108810
037 ## - SOURCE OF ACQUISITION
Source of stock number/acquisition DBAD/PUB
082 ## - DEWEY DECIMAL CLASSIFICATION NUMBER
Classification number 305.42
100 ## - MAIN ENTRY--PERSONAL NAME
Personal name Nijhawan,Shashi
245 ## - TITLE STATEMENT
Title Empowering women :
Statement of responsibility, etc by Shashi Nijhawan, Amarjive Lochan [and] Darshan Malik
Remainder of title the Indian socio-cultural scenerio /
260 ## - PUBLICATION, DISTRIBUTION, ETC. (IMPRINT)
Place of publication, distribution, etc New Delhi
Name of publisher, distributor, etc Pragun Publication
Date of publication, distribution, etc 2014
270 ## - ADDRESS
Address 4224/1, Ansari Road, Daryaganj
City New Delhli
Postal code 110002
300 ## - PHYSICAL DESCRIPTION
Extent 242p.
Dimensions 21cm(Hb)
500 ## - GENERAL NOTE
General note Includes bibliographical references
700 ## - ADDED ENTRY--PERSONAL NAME
Personal name Lochan, Amarjiva
700 ## - ADDED ENTRY--PERSONAL NAME
Personal name Malik, Darshan
942 ## - ADDED ENTRY ELEMENTS (KOHA)
Source of classification or shelving scheme Dewey Decimal Classification
Item type English Books
Classification part 305.42
Call number suffix NIJ
Holdings
Withdrawn status Lost status Not for loan Collection code Home library Current library Date acquired Source of acquisition Cost, normal purchase price Full call number Barcode Copy number Cost, replacement price Koha item type
    Not For Loan Non-fiction D.B.Act.Division Central Library 23/05/2019 DBAD/PUB 675.00 305.42 NIJ EN-108810 1 675.00 English Books

© Delhi Public Library
Hit Counter
free hit counter